<?xml version="1.0" encoding="UTF-8"?>
<record
    xmlns:xsi="http://www.w3.org/2001/XMLSchema-instance"
    xsi:schemaLocation="http://www.loc.gov/MARC21/slim http://www.loc.gov/standards/marcxml/schema/MARC21slim.xsd"
    xmlns="http://www.loc.gov/MARC21/slim">

  <leader>02635nam a2200421 a 4500</leader>
  <controlfield tag="001">77127</controlfield>
  <controlfield tag="003">0</controlfield>
  <controlfield tag="005">20241217151344.0</controlfield>
  <controlfield tag="006">m     o  d |      </controlfield>
  <controlfield tag="007">cr cn|||||||||</controlfield>
  <controlfield tag="008">201106r2009    sp |||||s|||||||||||spa d</controlfield>
  <datafield tag="020" ind1=" " ind2=" ">
    <subfield code="z">9788473602686</subfield>
  </datafield>
  <datafield tag="035" ind1=" " ind2=" ">
    <subfield code="a">(MiAaPQ)EBC3193853</subfield>
  </datafield>
  <datafield tag="035" ind1=" " ind2=" ">
    <subfield code="a">(Au-PeEL)EBL3193853</subfield>
  </datafield>
  <datafield tag="035" ind1=" " ind2=" ">
    <subfield code="a">(CaPaEBR)ebr10472774</subfield>
  </datafield>
  <datafield tag="035" ind1=" " ind2=" ">
    <subfield code="a">(OCoLC)1010682721</subfield>
  </datafield>
  <datafield tag="040" ind1=" " ind2=" ">
    <subfield code="a">FlNmELB</subfield>
    <subfield code="b">spa</subfield>
    <subfield code="c">FlNmELB</subfield>
  </datafield>
  <datafield tag="050" ind1=" " ind2="4">
    <subfield code="a">GC10.4.R4</subfield>
    <subfield code="b">O159 2009</subfield>
  </datafield>
  <datafield tag="080" ind1=" " ind2=" ">
    <subfield code="a">551.46</subfield>
  </datafield>
  <datafield tag="080" ind1=" " ind2=" ">
    <subfield code="a">551</subfield>
  </datafield>
  <datafield tag="082" ind1="0" ind2="4">
    <subfield code="a">551.460028</subfield>
    <subfield code="2">22</subfield>
  </datafield>
  <datafield tag="245" ind1="0" ind2="0">
    <subfield code="a">Oceanograf&#xED;a y sat&#xE9;lites</subfield>
    <subfield code="h">[recurso electronico] /</subfield>
    <subfield code="c">editor, Carlos Garc&#xED;a Soto.</subfield>
  </datafield>
  <datafield tag="260" ind1=" " ind2=" ">
    <subfield code="a">Madrid :</subfield>
    <subfield code="b">T&#xE9;bar,</subfield>
    <subfield code="c">2009.</subfield>
  </datafield>
  <datafield tag="300" ind1=" " ind2=" ">
    <subfield code="a">502 p.</subfield>
  </datafield>
  <datafield tag="520" ind1=" " ind2=" ">
    <subfield code="a">OCEANOGRAF&#xCD;A Y SAT&#xC9;LITES est&#xE1; dirigido a estudiantes universitarios de grado y postgrado, y aborda los fundamentos y las aplicaciones de los sat&#xE9;lites en el estudio de los oc&#xE9;anos. Los FUNDAMENTOS son descritos a trav&#xE9;s de las propiedades que pueden medir los diferentes tipos de sensores: la concentraci&#xF3;n de fitoplacton y la producci&#xF3;n primaria (sensores de color), la temperatura superficial del mar (sensores t&#xE9;rmicos y microondas), el nivel del mar, las mareas y la velocidad geostr&#xF3;fica (alt&#xED;metros), la velocidad superficial del viento (dispers&#xF3;metros) y los campos de olas, viento y olas internas (radar SAR) Junto a las mediciones b&#xE1;sicas, el libro aborda las APLICACIONES de la Oceanograf&#xED;a por Sat&#xE9;lite a la detecci&#xF3;n de los vertidos de hidrocarburos, al estudio y explotaci&#xF3;n de los recursos pesqueros, a la investigaci&#xF3;n del h&#xE1;bitat de animales marinos, a la oceanograf&#xED;a operacional y al seguimiento del hielo marino. El libro concluye con una secci&#xF3;n sobre INNOVACI&#xD3;N Y DESARROLLO donde se analiza la medici&#xF3;n de la salinidad con el nuevo sat&#xE9;lite SMOS, la teledetecci&#xF3;n experimental con el sistema global de navegaci&#xF3;n y los futuros sat&#xE9;lites y sensores de Oceanograf&#xED;a.</subfield>
  </datafield>
  <datafield tag="533" ind1=" " ind2=" ">
    <subfield code="a">Recurso electr&#xF3;nico. Santa Fe, Arg.: e-libro, 2015. Disponible v&#xED;a World Wide Web. El acceso puede estar limitado para las bibliotecas afiliadas a e-libro.</subfield>
  </datafield>
  <datafield tag="650" ind1=" " ind2="0">
    <subfield code="a">Oceanograf&#xED;a</subfield>
    <subfield code="x">Teledetecci&#xF3;n.</subfield>
  </datafield>
  <datafield tag="650" ind1=" " ind2="0">
    <subfield code="a">Sat&#xE9;lites artificiales en oceanograf&#xED;a.</subfield>
  </datafield>
  <datafield tag="650" ind1=" " ind2="0">
    <subfield code="a">Oceanography</subfield>
    <subfield code="x">Remote sensing.</subfield>
  </datafield>
  <datafield tag="650" ind1=" " ind2="0">
    <subfield code="a">Artificial satellites in oceanography.</subfield>
  </datafield>
  <datafield tag="653" ind1=" " ind2=" ">
    <subfield code="a">Oceanografia</subfield>
    <subfield code="a">Teledeteccion</subfield>
  </datafield>
  <datafield tag="653" ind1=" " ind2=" ">
    <subfield code="a">Satelites artificiales en oceanografia</subfield>
  </datafield>
  <datafield tag="655" ind1=" " ind2="4">
    <subfield code="a">Libros electr&#xF3;nicos.</subfield>
  </datafield>
  <datafield tag="700" ind1="1" ind2=" ">
    <subfield code="a">Garc&#xED;a Soto, Carlos,</subfield>
    <subfield code="e">ed. lit.</subfield>
  </datafield>
  <datafield tag="710" ind1="2" ind2=" ">
    <subfield code="a">e-libro, Corp.</subfield>
  </datafield>
  <datafield tag="856" ind1="4" ind2="0">
    <subfield code="u">https://elibro.net/ereader/politecnicointernacional/100530</subfield>
  </datafield>
  <datafield tag="942" ind1=" " ind2=" ">
    <subfield code="c">LIBROS</subfield>
  </datafield>
  <datafield tag="999" ind1=" " ind2=" ">
    <subfield code="c">77127</subfield>
    <subfield code="d">77127</subfield>
  </datafield>
</record>
